000 01031nam a22003137a 4500
003 CHAP
005 20220329135719.0
008 971013s1966 mx r 00010 spa d
010 _a40993
011 _a41965
035 _a46091
040 _cCHAP
082 0 4 _a332.71
_bF66
110 2 _aFondo de Garantía y Fomento para la Agricultura, Ganadería y Avicultura. México
_942107
245 1 _aBibliografía de estudios técnicos
260 _aMéxico, D.F. :
_b(s.e.),
_c1966
300 _as.p.
590 _aBATCH-UPD
_b10
_c20130110
_lUCH01
_h0223
590 _aBATCH-UPD
_b10
_c20130110
_lUCH01
_h1845
590 _aBATCH-UPD
_b10
_c20130409
_lUCH01
_h2244
590 _aBATCH-UPD
_b10
_c20130410
_lUCH01
_h1215
590 _aBATCH-UPD
_b10
_c20130914
_lUCH01
_h1100
590 _aCONVERSION
_b10
_c20130109
_lUCH01
_h1323
650 1 4 _aCrédito agrícola
_xBibliografía.
_929034
650 1 4 _aCrédito agrícola
_zMéxico.
_929089
901 _aBK
942 _cLIBRO
949 _a332.71 F66
_bBC
_cC
_d-105092
_eC
_h13646
_i46091
_mD
_si
999 _c40993
_d40993